Kızıla boyalı saçlar / (Record no. 12683)

MARC details
000 -BAŞLIK
Sabit Uzunlukta Kontrol Alanı 00831nam a22002537a 4500
999 ## - SİSTEM KONTROL NUMARALARI (KOHA)
Koha Biblionumber 12683
Koha Biblioitemnumber 12683
003 - KONTROL NUMARASI IDENTIFIER
Denetim Alanı 0
005 - SON İŞLEM TARİHİ VE ZAMANI
Denetim Alanı 20190205154531.0
008 - SABİT-BOY VERİ ELEMANLARI - GENEL BİLGİLER
Sabit Uzunlukta Kontrol Alanı 190205b tu ||||| |||| 00| 0 tur d
020 ## - ULUSLARARASI STANDART KİTAP NUMARASI
Uluslararası Standart Kitap Numarası 9754583471
040 ## - KATALOGLAMA KAYNAK
Orijinal Kataloglama Ajansı TR-AnCHP
Metne Dönüştürmek Ajansı TR-AnCHP
041 ## - DİL KODU
Metin / Ses Parça Veya Ayrı Başlığın Dil Kodu tur
082 ## - DEWEY ONLU SINIFLANDIRMA NUMARASI
Sınıflandırma Numarası 889.334
Ürün Numarası M68k 2002
100 1# - ANA GİRİŞ - KİŞİSEL İSİM
Kişisel Ad Mourselas, Kostas.
Bir Adıyla İlişkilendirilen Tarihler 1932-2017
245 10 - BAŞLIK TABLOSU
Başlık Kızıla boyalı saçlar /
Sorumluluk Tablosu, Vb Kostas Mourselas ; çev. Kosta Sarıoglu.
260 ## - YAYIN, DAĞITIM, VB
Yayın, Dağıtım, Vb Yeri İstanbul :
Yayıncı, Dağıtıcı, Vs Adı Türkiye İş Bankası Kültür Yayınları,
Yayın, Dağıtım, Vb Tarihi 2002.
300 ## - FİZİKSEL TANIM
Kapsam 493 s. ;
Boyutlar 20 sm.
490 1# - SERİSİ TABLOSU
Seri Beyanı Türkiye İş Bankası Kültür Yayınları ;
Hacim / Ardışık Tanımı 592.
Seri Beyanı Edebiyat dizisi ;
Hacim / Ardışık Tanımı 206.
500 ## - GENEL NOT
Genel Not Özgün yapıt adı ; Vammena kokkina mallia.
650 #0 - KONU KATMA GİRİŞ - TOPİKAL DÖNEM
9 (RLIN) 5125
Topikal Süreli Veya Coğrafi Ad Giriş Elemanı Yunan Edebiyatı
Genel Alt Bölümü Roman
700 1# - KATMA GİRİŞ - KİŞİSEL İSİM
Kişisel Ad Sarıoglu, Kosta.
Relator Terim çev.
942 ## - EKLENDİ GİRİŞ ELEMANLARI (KOHA)
Sınıflandırma Veya Raf Düzeni Kaynak Dewey Decimal Classification
Koha Öğesi Türü Books
945 ## - YEREL İŞLEME BİLGİLER (OCLC)
a .i12551570
949 ## - YEREL İŞLEME BİLGİLER (OCLC)
a 000100
Holdings
Kalıcı Konum Mevcut Konum Edinme Tarihi Edinim Kaynak Toplam Check-Out'Lar Tam Çağrı Numarası Barkod Tarih Son Görülme İtibaren Geçerli Fiyatlar Sigara Kamu Notu Koha Öğesi Türü
CHP Kütüphanesi CHP Kütüphanesi 02/05/2019 Bağış   889.334 M68k 2002 018792 02/05/2019 02/05/2019 Kemal Kılıçdaroğlu bağışıdır. Books